| 000 | 00907nmc a2200325 a 4500 | ||
|---|---|---|---|
| 003 | AR-BaBNM | ||
| 005 | 20251128205956.0 | ||
| 008 | 248019s1994 ||||||||||||||000 | spa|| | ||
| 020 | _a950-9023-79-5 | ||
| 040 | _cAR-BaBNM | ||
| 100 | 1 | _aBooz, Mateo | |
| 245 | 1 | 0 |
_aSanta Fe, mi país _by otros relatos |
| 260 |
_aBuenos Aires _bRuy Díaz _bSecretaría de Cultura de la Nación _c1994 |
||
| 300 | _a151 p. | ||
| 490 | 0 |
_aIdentidad nacional _vv. 17 |
|
| 650 | 4 | _aLITERATURA ARGENTINA | |
| 650 | 4 | _aANTOLOGIAS | |
| 650 | 4 | _aLITERATURA FOLKLORICA | |
| 650 | 4 | _aTRADICION ORAL | |
| 650 | 4 | _aCOSTUMBRES Y TRADICIONES | |
| 650 | 4 | _aLITERATURA POPULAR | |
| 650 | 4 | _aIDENTIDAD CULTURAL | |
| 651 | 4 | _aSanta Fe | |
| 653 | _aNARRATIVA | ||
| 655 | _aLITERATURA | ||
| 700 | 1 |
_aPaz, Abelardo _eprologuista |
|
| 800 | 1 |
_aSchroder Olivera, Jorge Luis _ecoordinador |
|
| 942 | _cBK | ||
| 998 | _cMARTIN | ||
| 999 |
_c13565 _d13565 |
||